000 00299nam a2200109Ia 4500
008 200302s9999 xx 000 0 und d
100 _aSunni Brown
245 _aThe doodle Revolution unlock the power to think differently
260 _bPortfolio Penguin Published
260 _c2014
300 _a242 P.,
999 _c4149
_d4149